000
00292nam a2200121Ia 4500
008
190216s9999||||xx |||||||||||||| ||und||
100
_a
Mathur H D &tandm O P
245
0
_a
Chemistry Of Rare Elements
260
_b
S Chand & Co
_c
1986
300
_a
256p
650
_a
Chemistry
942
_c
BK
999
_c
2550
_d
2550